00860nam a2200205 a 450000100100000000500170001000800410002704000250006808200160009310000370010924500700014626000560021630000200027250000630029250400390035504900090039495201140040395201200051799900170063700001677420200929164946.0100310s1997 dr 000 0 spa d aDO-SdBNPbspacBNPHU axxxxbM433p1 aMatías, Domingo,d1920-93716510aPartidos, sociedad civil y reforma municipal /cDomingo Matías. aSanto Domingo :bUnión de vecinos activos,c1997. a82 p. ;c18 cm. aIncluye datos biográficos del autor en la contracubierta aIncluye bibliografías (p. 79-81) aBNPD 0010718PDaPDbPDcCTd2010-03-10iLF1l0oxxxx M433pp16774-10r2020-06-25w2020-06-25yLFPDZNo se presta 0010718PDaPDbPDcCTd2010-03-10iLF1l0oxxxx M433pp16774-20r2020-06-25te. 2w2020-06-25yLFPDZNo se presta c16306d16306